000 00353 a2200109 4500
001 ART_11423
005 20260410161857.0
008 260409a
245 1 0 _aConsistencia de la política comercial y la política fiscal
100 1 _aDiaz Cafferata, Alberto M.
773 0 _tRevista de Economía
_g- Nº 64 (jul./sep. 1991)
_wREV11077
999 _c25560
_d25560